| 000 | 00722nam a22002537a 4500 | ||
|---|---|---|---|
| 003 | OSt | ||
| 005 | 20251026113900.0 | ||
| 008 | 150731b xxu||||| |||| 00| 0 eng d | ||
| 020 | _a0071123466 | ||
| 022 | _a9780071123464 | ||
| 040 | _c0 | ||
| 050 | _a658.4038011 | ||
| 082 | _a658.4038011 | ||
| 100 |
_aHaag,Stephen _9123444 |
||
| 245 |
_aManagement Information Systems for the Information Age. _cStephen Haag |
||
| 250 | _a3rd. | ||
| 260 |
_aNew Delhi _bMcGraw-Hill Irwin _c2002 |
||
| 300 | _a440p. | ||
| 440 |
_aManagement Information Systems for the Information Age. _9131559 |
||
| 500 | _aPaper Cover | ||
| 600 |
_aHaag,Stephen _9123444 |
||
| 700 |
_aHaag,Stephen _9123444 |
||
| 942 |
_2ddc _cBK _k658.4038011 |
||
| 999 |
_c349945 _d349945 |
||